000 00453nam a2200181Ia 4500
001 15710
005 20260306170216.0
008 260306t2016||||xx |||||||||||||| ||und||
041 _aESP
082 _a577.27
_bD88Q
100 _aDomènech Antúnez, Xavier
_eAUT
245 0 _aQuímica ambiental de sistemas terrestres
260 _c2016
300 _aviii, 256 páginas :
_c24 cm.
650 _aGEN
654 _aCIA
942 _cLIB
_dJUS
_fJUS
_2ddc
_n
999 _c15710
_d15710